ბათუმის შოთა რუსთაველის სახელმწიფო უნივერსიტეტის ბიბლიოთეკა

მცენარის მორფოლოგიის, ბიოლოგიისა და სელექციის ზოგიერთი საკითხი / (ბიბ.ჩანაწერი № 63164)

000 -ლიდერი
ფიქსირებული სიგრძის საკონტროლო ველი 01412nam a22002657a 4500
003 - საკონტროლო ნომრის იდენტიფიკატორი
საკონტროლო ველი Ge_BSU
005 - ბოლო ოპერაციის თარიღი და დრო
საკონტროლო ველი 20250613173429.0
008 - ფიქსირებული სიგრძის მონაცემთა ელემენტები - ზოგადი ინფორმაცია
ფიქსირებული სიგრძის საკონტროლო ველი 250613s2011 ge ||||| |||| 00| 0 geo d
020 ## - წიგნის საერთაშორისო სტანდარტული ნომერი
International Standard Book Number 9789941435041
041 ## - ენის კოდი
Language code of text/sound track or separate title geo
080 ## - უნივერსალური ათობითი კლასიფიკაციის ინდექსი
Universal Decimal Classification number 631.52 ბ-96
100 ## - მთავარი ჩანაწერი - პიროვნების სახელი
Personal name ბუკია, ზურაბ
9 (RLIN) 25417
245 ## - ცნობა სათაურის შესახებ
Title მცენარის მორფოლოგიის, ბიოლოგიისა და სელექციის ზოგიერთი საკითხი /
Statement of responsibility, etc ზურაბ ბუკია,შოთა ლამპარაძე; რედ. ი. ჩხიკვიშვილი.
264 ## - წარმოების, გამოცემის, დისტრიბუციის და სხვა ცნობები
გამოცემის, წარმოების, დისტრიბუციის... ადგილი ბათუმი :
გამოცემის, წარმოების, დისტრიბუციის... სახელწოდება ალიონი,
გამოცემის, წარმოების, დისტრიბუციის... თარიღი 2011.
300 ## - ფიზიკური აღწერა
Extent 420 გვ.;
Other physical details 22 სმ.
504 ## - BIBLIOGRAPHY, ETC. NOTE
Bibliography, etc ბიბლიოგრ. გვ. 411-417
520 ## - SUMMARY, ETC.
Summary, etc რეზიუმე ქართ და ინგლ. ენაზე
653 ## - INDEX TERM--UNCONTROLLED
Uncontrolled term მცენარეთა მორფოლოგია
653 ## - INDEX TERM--UNCONTROLLED
Uncontrolled term მცენარეთა ბიოლოგია
653 ## - INDEX TERM--UNCONTROLLED
Uncontrolled term მცენარეთა სელექცია
700 ## - ADDED ENTRY--PERSONAL NAME
Personal name ლამპარაძე, შოთა
Relator term ავტორი
9 (RLIN) 1795
700 ## - ADDED ENTRY--PERSONAL NAME
Personal name ჩხიკვიშვილი, ი.
Relator term რედაქტორი
9 (RLIN) 25418
856 ## - ELECTRONIC LOCATION AND ACCESS
Uniform Resource Identifier https://iverieli.nplg.gov.ge/bitstream/1234/10266/1/Morfologia_Da_Sekeqcia.pdf
Link text ელ. ვერსია
942 ## - ADDED ENTRY ELEMENTS (KOHA)
Source of classification or shelving scheme
Koha item type წიგნი
ეგზემპლარები
ჩამოწერის სტატუსი დაკარგული ეგზემპლარის სტატუსი კლასიფიკაციის წყარო ან თაროზე გაწყობის სქემა დაზიანების სტატუსი არ გაიცემა მუდმივი მდებარეობა (დაცვის ადგილი) ამჟამინდელი ადგილსამყოფელი თაროზე განთავსების ადგილი შეძენის თარიღი ღირებულება, შესყიდვის ნორმალური ფასი სრული შენახვის შიფრი შტრიხკოდი ბოლო ოპერაციის თარიღი ეგზემპლარის მიმდევრობითი ნომერი (კეტერი?) ფასის ძალაში შესვლის თარიღი ეგზემპლარის სახეობა საჯარო შენიშვნა
          ბათუმის შოთა რუსთაველის სახელმწიფო უნივერსიტეტის მთავარი ბიბლიოთეკა ბათუმის შოთა რუსთაველის სახელმწიფო უნივერსიტეტის მთავარი ბიბლიოთეკა წიგნსაცავი 2025-06-13 12.00 631.52 ბ-96 71813 2025-06-13 71813 2025-06-13 წიგნი 12 ლ.